<?xml version="1.0" encoding="UTF-8"?>
<record
    xmlns:xsi="http://www.w3.org/2001/XMLSchema-instance"
    xsi:schemaLocation="http://www.loc.gov/MARC21/slim http://www.loc.gov/standards/marcxml/schema/MARC21slim.xsd"
    xmlns="http://www.loc.gov/MARC21/slim">

  <leader>04058cgm a22006497a 4500</leader>
  <controlfield tag="008">110622s2004    nyu|||||s|||| 00| 0 eng d</controlfield>
  <datafield tag="020" ind1=" " ind2=" ">
    <subfield code="a">0738928682</subfield>
  </datafield>
  <datafield tag="024" ind1=" " ind2=" ">
    <subfield code="a">074645861395</subfield>
  </datafield>
  <datafield tag="082" ind1=" " ind2=" ">
    <subfield code="2">22</subfield>
    <subfield code="a">791.4372</subfield>
    <subfield code="b">CHR</subfield>
  </datafield>
  <datafield tag="245" ind1=" " ind2=" ">
    <subfield code="a">The Original Television Christmas Classics : </subfield>
    <subfield code="b">Rudolph the Red-Nosed Reindeer ; Frosty the Snowman ; Santa Claus is Comin' to Town ; with the Little Drummer Boy ; and, Frosty Returns ; Songs from the Christmas Classics /</subfield>
    <subfield code="c">Sony Wonder, Classic Media.</subfield>
  </datafield>
  <datafield tag="260" ind1=" " ind2=" ">
    <subfield code="a">New York : </subfield>
    <subfield code="b">Sony Wonder ;</subfield>
    <subfield code="a">[New York?] : </subfield>
    <subfield code="b">Classic Media, 2004.</subfield>
    <subfield code="c">2004</subfield>
  </datafield>
  <datafield tag="300" ind1=" " ind2=" ">
    <subfield code="a">3 videodiscs (290 mins.) :  </subfield>
    <subfield code="b">sd., col. with b&amp;w sequences ;</subfield>
    <subfield code="c">4 3/4 in</subfield>
    <subfield code="e">1 sound disc (digital ; 4 3/4 in.) </subfield>
  </datafield>
  <datafield tag="500" ind1=" " ind2=" ">
    <subfield code="a">Title from container.</subfield>
  </datafield>
  <datafield tag="500" ind1=" " ind2=" ">
    <subfield code="a">Programs originally produced: c1964-c1992.</subfield>
  </datafield>
  <datafield tag="505" ind1=" " ind2=" ">
    <subfield code="a">[disc 1]: Rudolph the Red-Nosed Reindeer -- [disc 2]: Frosty the Snowman; Frosty Returns -- [disc 3]. Santa Claus is comin' to town ;The Little Drummer Boy -- [disc 4] Songs from the Christmas Classics </subfield>
  </datafield>
  <datafield tag="508" ind1=" " ind2=" ">
    <subfield code="a">(Rudolph the Red-Nosed Reindeer) written by Romeo Muller ; adapted from a story by Robert May ; director, Larry Roemer ; produced by Arthur Rankin; (Frosty the Snowman)a Rankin/Bass production ; written by Romeo Muller ; based on the song by Steve Nelson and Jack Rollins; (Frosty Returns)produced by Eryk Casemiro and Bill Melendez ; directed by Bill Melendez and Evert Brown; (Santa Claus is Comin' to Town) produced &amp; directed by Arthur Rankin, Jr. &amp; Jules Bass; (The Little Drummer Boy) produced &amp; directed by Arthur Rankin, Jr. &amp; Jules Bass.</subfield>
  </datafield>
  <datafield tag="511" ind1=" " ind2=" ">
    <subfield code="a">Principal voices: (for Rudolph the red-nosed reindeer) Burl Ives, Larry Mann, Billy Richards, Paul Soles, Stan Francis;(Frosty the Snowman)Paul Frees, June Foray;(Frosty Returns)Jonathan Winters, Jan Hooks, Andrea Martin, Brian Doyle-Murray, Elizabeth Moss, Michael Patrick Carter, John Goodman; (Santa Claus is Comin' to Town) Mickey Rooney, Keenan Wynn, Paul Frees, Joan Gardner, Robie Lester; (The Little Drummer Boy) Jose Ferrer, Paul Frees, Teddy Eccles, Greer Garson</subfield>
  </datafield>
  <datafield tag="520" ind1=" " ind2=" ">
    <subfield code="a">Presents five animated Christmas tales as they originally aired on network television</subfield>
  </datafield>
  <datafield tag="521" ind1=" " ind2=" ">
    <subfield code="a">Not rated</subfield>
  </datafield>
  <datafield tag="538" ind1=" " ind2=" ">
    <subfield code="a">DVD, NTSC, Region 1, Dolby digital</subfield>
  </datafield>
  <datafield tag="546" ind1=" " ind2=" ">
    <subfield code="a">In English with optional Spanish soundtrack; closed-captioned</subfield>
  </datafield>
  <datafield tag="653" ind1=" " ind2=" ">
    <subfield code="b">ENG</subfield>
    <subfield code="c">June2011</subfield>
    <subfield code="b">General</subfield>
    <subfield code="c">June2011</subfield>
  </datafield>
  <datafield tag="655" ind1=" " ind2=" ">
    <subfield code="a">Christmas films</subfield>
    <subfield code="9">25701</subfield>
  </datafield>
  <datafield tag="700" ind1=" " ind2=" ">
    <subfield code="9">25678</subfield>
    <subfield code="a">Muller, Romeo</subfield>
    <subfield code="e">aus</subfield>
  </datafield>
  <datafield tag="700" ind1=" " ind2=" ">
    <subfield code="9">25695</subfield>
    <subfield code="a">Rooney, Mickey</subfield>
    <subfield code="e">act</subfield>
  </datafield>
  <datafield tag="700" ind1=" " ind2=" ">
    <subfield code="9">25696</subfield>
    <subfield code="a">Wynn, Keenan</subfield>
    <subfield code="d">1916-1986</subfield>
    <subfield code="e">act</subfield>
  </datafield>
  <datafield tag="700" ind1=" " ind2=" ">
    <subfield code="9">25696</subfield>
    <subfield code="a">Wynn, Keenan</subfield>
    <subfield code="d">1916-1986</subfield>
    <subfield code="e">act</subfield>
  </datafield>
  <datafield tag="700" ind1=" " ind2=" ">
    <subfield code="9">25693</subfield>
    <subfield code="a">Nelson, Steve</subfield>
    <subfield code="d">1907-1981</subfield>
    <subfield code="e">aut</subfield>
    <subfield code="t">Frosty the Snowman.   </subfield>
  </datafield>
  <datafield tag="700" ind1=" " ind2=" ">
    <subfield code="9">25679</subfield>
    <subfield code="a">May, Robert</subfield>
    <subfield code="e">aut</subfield>
    <subfield code="t">Rudolph the Red-Nosed Reindeer</subfield>
  </datafield>
  <datafield tag="700" ind1=" " ind2=" ">
    <subfield code="9">25680</subfield>
    <subfield code="a">Roemer, Larry </subfield>
    <subfield code="e">drt</subfield>
  </datafield>
  <datafield tag="700" ind1=" " ind2=" ">
    <subfield code="9">25682</subfield>
    <subfield code="a">Ives, Burl</subfield>
    <subfield code="d">1909-1995</subfield>
    <subfield code="e">act</subfield>
  </datafield>
  <datafield tag="700" ind1=" " ind2=" ">
    <subfield code="9">25681</subfield>
    <subfield code="a">Rankin, Arthur</subfield>
    <subfield code="e">pro</subfield>
    <subfield code="e">drt</subfield>
  </datafield>
  <datafield tag="700" ind1=" " ind2=" ">
    <subfield code="9">25683</subfield>
    <subfield code="a">Mann, Larry</subfield>
    <subfield code="e">act</subfield>
  </datafield>
  <datafield tag="700" ind1=" " ind2=" ">
    <subfield code="9">25684</subfield>
    <subfield code="a">Richards, Billy</subfield>
    <subfield code="e">act</subfield>
  </datafield>
  <datafield tag="700" ind1=" " ind2=" ">
    <subfield code="9">25685</subfield>
    <subfield code="a">Soles, Paul</subfield>
    <subfield code="e">act</subfield>
  </datafield>
  <datafield tag="700" ind1=" " ind2=" ">
    <subfield code="9">25686</subfield>
    <subfield code="a">Francis, Stan</subfield>
    <subfield code="e">act</subfield>
  </datafield>
  <datafield tag="700" ind1=" " ind2=" ">
    <subfield code="9">25687</subfield>
    <subfield code="a">Frees, Paul</subfield>
    <subfield code="e">act</subfield>
  </datafield>
  <datafield tag="700" ind1=" " ind2=" ">
    <subfield code="9">25688</subfield>
    <subfield code="a">Foray, June</subfield>
    <subfield code="e">act</subfield>
  </datafield>
  <datafield tag="700" ind1=" " ind2=" ">
    <subfield code="9">25689</subfield>
    <subfield code="a">Casemiro, Eryk </subfield>
    <subfield code="e">pro</subfield>
  </datafield>
  <datafield tag="700" ind1=" " ind2=" ">
    <subfield code="9">25690</subfield>
    <subfield code="a">Melendez, Bill </subfield>
    <subfield code="e">pro</subfield>
    <subfield code="e">drt</subfield>
  </datafield>
  <datafield tag="700" ind1=" " ind2=" ">
    <subfield code="9">25691</subfield>
    <subfield code="a">Brown, Evert </subfield>
    <subfield code="e">drt</subfield>
  </datafield>
  <datafield tag="700" ind1=" " ind2=" ">
    <subfield code="9">25692</subfield>
    <subfield code="a">Bass, Jules </subfield>
    <subfield code="e">pro</subfield>
    <subfield code="e">drt</subfield>
  </datafield>
  <datafield tag="700" ind1=" " ind2=" ">
    <subfield code="9">25694</subfield>
    <subfield code="a">Winters, Jonathan</subfield>
    <subfield code="e">act</subfield>
  </datafield>
  <datafield tag="700" ind1=" " ind2=" ">
    <subfield code="9">25697</subfield>
    <subfield code="a">Davis, Katherine</subfield>
    <subfield code="d">1892-1980</subfield>
    <subfield code="e">aut</subfield>
    <subfield code="t">The Little Drummer Boy</subfield>
  </datafield>
  <datafield tag="700" ind1=" " ind2=" ">
    <subfield code="9">25698</subfield>
    <subfield code="a">Ferrer, Jose</subfield>
    <subfield code="d">1912-1992</subfield>
    <subfield code="e">act</subfield>
  </datafield>
  <datafield tag="700" ind1=" " ind2=" ">
    <subfield code="9">25699</subfield>
    <subfield code="a">Eccles, Teddy</subfield>
    <subfield code="e">act</subfield>
  </datafield>
  <datafield tag="700" ind1=" " ind2=" ">
    <subfield code="9">25700</subfield>
    <subfield code="a">Garson, Greer</subfield>
    <subfield code="d">1908-</subfield>
    <subfield code="e">act</subfield>
  </datafield>
  <datafield tag="710" ind1=" " ind2=" ">
    <subfield code="9">25676</subfield>
    <subfield code="a">Sony Wonder (Firm)</subfield>
  </datafield>
  <datafield tag="710" ind1=" " ind2=" ">
    <subfield code="9">25677</subfield>
    <subfield code="a">Classic Media, Inc.</subfield>
  </datafield>
  <datafield tag="740" ind1=" " ind2=" ">
    <subfield code="a">Frosty the Snowman.</subfield>
  </datafield>
  <datafield tag="740" ind1=" " ind2=" ">
    <subfield code="a">Rudolph the Red-Nosed Reindeer</subfield>
  </datafield>
  <datafield tag="740" ind1=" " ind2=" ">
    <subfield code="a">Frost Returns</subfield>
  </datafield>
  <datafield tag="740" ind1=" " ind2=" ">
    <subfield code="a">Santa Claus is Comin' to Town</subfield>
  </datafield>
  <datafield tag="740" ind1=" " ind2=" ">
    <subfield code="a">The Little Drummer Boy</subfield>
  </datafield>
  <datafield tag="942" ind1=" " ind2=" ">
    <subfield code="2">ddc</subfield>
    <subfield code="c">DVD</subfield>
  </datafield>
  <datafield tag="999" ind1=" " ind2=" ">
    <subfield code="c">15647</subfield>
    <subfield code="d">15647</subfield>
  </datafield>
  <datafield tag="952" ind1=" " ind2=" ">
    <subfield code="0">0</subfield>
    <subfield code="1">0</subfield>
    <subfield code="2">ddc</subfield>
    <subfield code="4">0</subfield>
    <subfield code="7">0</subfield>
    <subfield code="8">Baccah</subfield>
    <subfield code="a">MAIN</subfield>
    <subfield code="b">MAIN</subfield>
    <subfield code="c">2ND</subfield>
    <subfield code="d">2011-06-22</subfield>
    <subfield code="g">252.00</subfield>
    <subfield code="h">12512</subfield>
    <subfield code="l">0</subfield>
    <subfield code="o">791.4372 CHR</subfield>
    <subfield code="p">000024272</subfield>
    <subfield code="r">2022-08-24 00:00:00</subfield>
    <subfield code="w">2011-06-22</subfield>
    <subfield code="y">CDVDMOV</subfield>
    <subfield code="z">4 DVDs</subfield>
  </datafield>
</record>
